Statistics for Actor in Both Movies

Click here to take the quiz!

General Stats

  • This quiz has been taken 91 times
  • The average score is 12 of 15

Answer Stats

HintAnswer% Correct
Star Wars(1977) / Raiders of the Lost Ark(1981)Harrison Ford
99%
Titanic(1997) / Gangs of New York(2002)Leonardo DiCaprio
99%
Risky Business(1983) / Top Gun(1986)Tom Cruise
96%
Titanic(1997) / Eternal Sunshine of the Spotless Mind(2004)Kate Winslet
89%
Wall Street(1987) / Basic Instinct(1992)Michael Douglas
87%
Casablanca(1942) / African Queen(1951)Humphrey Bogart
86%
Easy Rider(1969) / As Good As It Gets(1997)Jack Nicholson
84%
My Left Foot(1989) / Gangs nof New York(2002)Daniel Day-Lewis
81%
Twister(1996) / As Good As It Gets(1997)Helen Hunt
80%
The Searchers(1956) / True Grit(1969)John Wayne
77%
The Big Lebowski(1998) / True Grit(2010)Jeff Bridges
73%
African Queen(1951) / On Golden Pond (1981)Katharine Hepburn
71%
All About Eve(1950) / What Ever Happened To Baby Jane(1962)Bette Davis
64%
Casablanca(1942) / Gaslight(1944)Ingrid Bergman
61%
Rain(1932) / What Ever Happened To Baby Jane(1962)Joan Crawford
47%

Score Distribution

Percentile by Number Answered

Percent of People with Each Score

Your Score History

You have not taken this quiz